00629nam a22001457a 4500082001200000100001900012245016000031260003700191300002000228650004400248700003400292942001300326999001900339952012500358 a620.005 aRiaz, NS Ifran aImpacts of Transactional and Transformational Styles of Leadership on Employee Performance, Comparative Study in GSM Operators of Pakistan /cNS Ifran Riaz aIslamabad :bCEME - NUST,c2014. a106 p. ;c30cm. aEngineering Management-MS-Thesis916065 aDr. Akhtar Nawaz Malik916099 2ddccTHE c536414d536414 00102ddc406620_005000000000000709499849aCLbCLcTHEd2020-10-15l0o620.005pCL-T-314r2020-10-15w2020-10-15yTHE